000 00550nam a2200169 i 4500
001 90845
003 ES-MaACL
005 20230906180556.0
007 t|
008 050125s1924 gw ||||1| fre d
245 0 0 _aLectures romaines
_b: morceaux choisis de prose et poésie roumaine avec des notes en français /
_cpar Charles Tagliavini.
260 _aHeidelberg :
_b[s.n.],
_c1924 (
_fJules Groos)
300 _aX, 302 p. ;
_c20 cm.
500 _aMethode Gaspen-Otto-Sauer.
700 1 _aTagliavini, Carlo.
_9109070
852 _aES-MaACL
_jB-12270
999 _c90845
_d90845